|
|
|
|
| LEADER |
02305nam a22004335i 4500 |
| 001 |
978-3-642-21150-8 |
| 003 |
DE-He213 |
| 005 |
20151204184749.0 |
| 007 |
cr nn 008mamaa |
| 008 |
110621s2011 gw | s |||| 0|eng d |
| 020 |
|
|
|a 9783642211508
|9 978-3-642-21150-8
|
| 024 |
7 |
|
|a 10.1007/978-3-642-21150-8
|2 doi
|
| 040 |
|
|
|d GrThAP
|
| 050 |
|
4 |
|a QD146-197
|
| 072 |
|
7 |
|a PNK
|2 bicssc
|
| 072 |
|
7 |
|a SCI013030
|2 bisacsh
|
| 082 |
0 |
4 |
|a 546
|2 23
|
| 245 |
1 |
0 |
|a Zintl Phases
|h [electronic resource] :
|b Principles and Recent Developments /
|c edited by Thomas F. Fässler.
|
| 264 |
|
1 |
|a Berlin, Heidelberg :
|b Springer Berlin Heidelberg :
|b Imprint: Springer,
|c 2011.
|
| 300 |
|
|
|a XI, 164 p. 73 illus., 40 illus. in color.
|b online resource.
|
| 336 |
|
|
|a text
|b txt
|2 rdacontent
|
| 337 |
|
|
|a computer
|b c
|2 rdamedia
|
| 338 |
|
|
|a online resource
|b cr
|2 rdacarrier
|
| 347 |
|
|
|a text file
|b PDF
|2 rda
|
| 490 |
1 |
|
|a Structure and Bonding,
|x 0081-5993 ;
|v 139
|
| 505 |
0 |
|
|a Gordon J. Miller, Michael W. Schmidt, Fei Wang, Tae-Soo You: Quantitative Advances in the Zintl-Klemm Formalism -- Jürgen Evers: High Pressure Investigations on AIBIII Zintl Compounds (AI = Li to Cs; BIII = Al to Tl) up to 30 GPa -- Andrei Shevelkov, Kirill Kovnir: Zintl Clathrates -- Ulrich Häussermann, Verina F. Kranak, Kati Puhakainen: Hydrogenous Zintl Phases: Interstitial versus Polyanionic Hydrides.
|
| 520 |
|
|
|a Gordon J. Miller, Michael W. Schmidt, Fei Wang, Tae-Soo You: Quantitative Advances in the Zintl-Klemm Formalism Jürgen Evers: High Pressure Investigations on AIBIII Zintl Compounds (AI = Li to Cs; BIII = Al to Tl) up to 30 GPa Andrei Shevelkov, Kirill Kovnir: Zintl Clathrates Ulrich Häussermann, Verina F. Kranak, Kati Puhakainen: Hydrogenous Zintl Phases: Interstitial versus Polyanionic Hydrides.
|
| 650 |
|
0 |
|a Chemistry.
|
| 650 |
|
0 |
|a Inorganic chemistry.
|
| 650 |
1 |
4 |
|a Chemistry.
|
| 650 |
2 |
4 |
|a Inorganic Chemistry.
|
| 700 |
1 |
|
|a Fässler, Thomas F.
|e editor.
|
| 710 |
2 |
|
|a SpringerLink (Online service)
|
| 773 |
0 |
|
|t Springer eBooks
|
| 776 |
0 |
8 |
|i Printed edition:
|z 9783642211492
|
| 830 |
|
0 |
|a Structure and Bonding,
|x 0081-5993 ;
|v 139
|
| 856 |
4 |
0 |
|u http://dx.doi.org/10.1007/978-3-642-21150-8
|z Full Text via HEAL-Link
|
| 912 |
|
|
|a ZDB-2-CMS
|
| 950 |
|
|
|a Chemistry and Materials Science (Springer-11644)
|